| 000 | 00612nam a2200217 a 4500 | ||
|---|---|---|---|
| 005 | 20240920064444.0 | ||
| 008 | 991125s1991 es 000 0 spa u | ||
| 020 | _a848733007X | ||
| 035 | _aUPN01000002934 | ||
| 049 | _aCG | ||
| 050 | 4 |
_aGV361 _bS5.2 |
|
| 100 | 1 | _aSoria, Miguel Angel | |
| 245 | 1 | 3 |
_aLa animación deportiva / _cMiguel Angel Soria, Antonia Cañellas. |
| 260 |
_aBarcelona, Esp. : _bINDE, _c1991. |
||
| 300 |
_a172 p. : _bil. |
||
| 440 | 0 | _aVerde | |
| 650 | 4 |
_aDEPORTES ESTUDIANTILES _913990 |
|
| 650 | 4 |
_aEducación física _912884 |
|
| 700 | 1 |
_aCañellas, Antonia, _ecoaut. |
|
| 905 | _aLibro | ||
| 999 |
_c2934 _d2934 |
||